MARC details
| 000 -LEADER |
| fixed length control field |
01841nam a22002657a 4500 |
| 005 - DATE AND TIME OF LATEST TRANSACTION |
| control field |
20260507115434.0 |
| 008 - FIXED-LENGTH DATA ELEMENTS--GENERAL INFORMATION |
| fixed length control field |
260507b |||||||| |||| 00| 0 eng d |
| 022 ## - INTERNATIONAL STANDARD SERIAL NUMBER |
| International Standard Serial Number |
0261-1929 |
| 040 ## - CATALOGING SOURCE |
| Original cataloging agency |
MMSU |
| Transcribing agency |
ULS |
| 210 ## - ABBREVIATED TITLE |
| Abbreviated title |
ATLA |
| 222 ## - KEY TITLE |
| Key title |
Alternatives to Laboratory Animals |
| 245 ## - TITLE STATEMENT |
| Title |
ATLA : |
| Remainder of title |
Alternatives to laboratory animals |
| 260 ## - PUBLICATION, DISTRIBUTION, ETC. |
| Place of publication, distribution, etc. |
London: |
| Name of publisher, distributor, etc. |
Sage Publications, |
| Date of publication, distribution, etc. |
2025- |
| 300 ## - PHYSICAL DESCRIPTION |
| Extent |
volumes ; |
| Dimensions |
28 cm. |
| 310 ## - CURRENT PUBLICATION FREQUENCY |
| Current publication frequency |
Six times a year. |
| 362 ## - DATES OF PUBLICATION AND/OR SEQUENTIAL DESIGNATION |
| Dates of publication and/or sequential designation |
Volume 53, Number 5 (September 2025- ) |
| 500 ## - GENERAL NOTE |
| General note |
ATLA is a peer-reviewed journal, intended to cover all aspects of the development, validation, implementation and use of alternatives to laboratory animals in biomedical research and toxicity testing. In addition to the replacement of animals, it also covers work that aims to reduce the number of animals used and refine the in vivo |
| 505 ## - FORMATTED CONTENTS NOTE |
| Title |
Combinatorial induction with valproic acid and fibroblast growth factor-9 enhances neural differentiation and cell fate commitment in adipose tissue-derived mesenchymal stem cells (pp. 249–260) / |
| Statement of responsibility |
Lubna Khan, Nazia Ahmed, and Bushra Kiran Naeem |
| 505 ## - FORMATTED CONTENTS NOTE |
| Title |
Mesoporous bioactive glass nanoparticles exhibit intrinsic angiogenic potential in the chorioallantoic membrane assay, without the addition of exogenous cells (pp. 261–270) / |
| Statement of responsibility |
Maximilian N. Moll, Qaisar Nawaz, and Fabian Westhauser |
| 505 ## - FORMATTED CONTENTS NOTE |
| Title |
The Recombinant Antibodies & Mimetics Database: Redefining the future of antibody use in science (pp. 271–280) / |
| Statement of responsibility |
Stephanie Modi |
| 505 ## - FORMATTED CONTENTS NOTE |
| Title |
Biosensor-based approaches: Exploring hapten–protein interactions for the prediction of skin sensitisation (pp. 281–300) / |
| Statement of responsibility |
Teh Ubaidah Noh and Nurul Izzah Khalid |
| 650 ## - SUBJECT ADDED ENTRY--TOPICAL TERM |
| Topical term or geographic name entry element |
Biomedical research |
| Form subdivision |
Periodicals |
| 650 ## - SUBJECT ADDED ENTRY--TOPICAL TERM |
| Topical term or geographic name entry element |
Animals as alternatives in laboratoies |
| Form subdivision |
Periodicals |
| 942 ## - ADDED ENTRY ELEMENTS (KOHA) |
| Source of classification or shelving scheme |
|
| Koha item type |
SERIALS/JOURNALS |